| 000 | 00000nam##2200000za#4500 |
| 001 | 9.643652 |
| 003 | CaOODSP |
| 005 | 20210624224252 |
| 007 | cr ||||||||||| |
| 008 | 150407|2001||||xxc|||||o f|0| 0 fre|d |
| 040 | |aCaOODSP|bfre |
| 043 | |an-cn--- |
| 086 | 1 |aH118-69/2001F-PDF |
| 110 | 1 |aCanada. |bInstitut canadien d'information sur la santé. |
| 245 | 10|aAnalyse de la conjoncture des stratégies de transfert de la recherche / |h[ressource électronique]|cpréparé par Initiative sur la santé de la population canadienne de l'Institut canadien d'information sur la santé. |
| 260 | |aOttawa - Ontario : |bInstitut canadien d'information sur la santé |cFévrier 2001. |
| 300 | |a31p.|btableaux |
| 590 | |a14-14-Supp|b2014-07-24 |
| 775 | 08|tAn environmental scan of research transfer strategies / |w(CaOODSP)9.699675 |
| 856 | 40|ahttp://publications.gc.ca|qPDF|s395 Ko|uhttps://publications.gc.ca/collections/collection_2014/icis-cihi/H118-69-2001-fra.pdf |